Nové možnosti podpory MSP vo vybranej európskej krajine bakalárska práca

Uložené v:
Podrobná bibliografia
Hlavný autor: Čubák, Michal
Korporativný autor: Národohospodárska fakulta EU. Katedra financií
Ďalší autori: Bašová, Alena, 1961-
Médium: Kniha
Jazyk:Slovak
Vydavateľské údaje: Bratislava 2016
Tagy: Pridať tag
Žiadne tagy, Buďte prvý, kto otaguje tento záznam!

MARC

LEADER 00000nbm a2200000 4500
001 0219902
005 20161221093414.7
041 0 |a slo 
044 |a SK 
245 1 0 |a Nové možnosti podpory MSP vo vybranej európskej krajine  |b bakalárska práca  |c Michal Čubák ; školiteľ: Alena Bašová 
264 1 |a Bratislava  |c 2016 
300 |a 49 s. 
100 1 |a Čubák, Michal 
700 1 |a Bašová, Alena, 1961- 
710 2 |a Národohospodárska fakulta EU. Katedra financií